Statistics for Random Cities on the Map by Letter - M

Click here to take the quiz!

General Stats

  • This quiz has been taken 592 times
  • The average score is 9 of 10

Answers on the Map

Answers color-coded by a green-red scale on the quiz's map according to % correct below.
 

Answer Stats

City% Correct
Madrid
100%
Manila
100%
Mexico City
100%
Moscow
100%
Montreal
98%
Manchester
97%
Miami
97%
Melbourne
95%
Mecca
94%
Muscat
94%
Minsk
93%
Munich
93%
Milan
92%
Montevideo
92%
Marseille
90%
Mogadishu
89%
Mumbai
89%
Manama
85%
Medellin
85%
Monrovia
85%
Managua
82%
Maputo
79%
Minneapolis
78%
Monterrey
78%
Manaus
77%
Milwaukee
77%
Mombasa
67%
Memphis
65%
Majuro
64%
Merida
43%

Score Distribution

Percentile by Number Answered

Percent of People with Each Score

Your Score History

You have not taken this quiz